[Event "Cappelle Online Blitz op"]
[Site "Europe Echecs INT"]
[Date "2022.01.09"]
[Round "6"]
[White "Muratet, Lucas"]
[Black "Alberola, Raphael"]
[Result "1-0"]
[WhiteElo "2111"]
[BlackElo "1625"]
[PlyCount "131"]
[EventDate "2022.01.09"]
[EventType "swiss (blitz)"]
[EventRounds "11"]
[EventCountry "FRA"]
[SourceTitle "EXT 2023"]
[Source "ChessBase"]
[SourceDate "2022.10.05"]
[SourceVersion "1"]
[SourceVersionDate "2022.10.05"]
[SourceQuality "1"]

1. e4 d5 2. exd5 Qxd5 3. Nc3 Qa5 4. d4 Nf6 5. Nf3 Nc6 6. Bb5 Bd7 7. Bd2 Qb6 8. Qe2 a6 9. Ba4 0-0-0 10. d5 Nd4 11. Nxd4 Qxd4 12. Bb3 e6 13. dxe6 fxe6 14. 0-0-0 Bb4 15. Kb1 Rhe8 16. f3 Qh4 17. h3 Qh5 18. a3 Bd6 19. Ne4 Nxe4 20. Qxe4 e5 21. Bd5 c6 22. Bb3 Bf5 23. Qe3 Qg6 24. g4 Be6 25. Bxe6+ Qxe6 26. Qa7 Bb8 27. Qb6 Bc7 28. Qc5 Bd6 29. Qc3 h6 30. Be3 Kb8 31. Bb6 Rd7 32. Rd3 e4 33. fxe4 Qxe4 34. Rhd1 Re6 35. Bc5 Qf4 36. Qd2 Qxd2 37. R3xd2 Kc7 38. Bf2 b6 39. c4 c5 40. b4 Ree7 41. bxc5 bxc5 42. Rd5 Kc6 43. Kc2 Bf4 44. Rxc5+ Kb7 45. Rxd7+ Rxd7 46. Rd5 Re7 47. Kd3 Bg5 48. h4 Bf6 49. g5 hxg5 50. hxg5 Bb2 51. a4 Ba3 52. Bd4 Rf7 53. g6 Rf3+ 54. Ke4 Rg3 55. Kf5 Rf3+ 56. Kg4 Rf1 57. Rg5 Be7 58. Re5 Bd6 59. Re6 Kc7 60. c5 Bh2 61. Bxg7 Rg1+ 62. Kf5 Rf1+ 63. Kg5 Rg1+ 64. Kf6 Rf1+ 65. Ke7 Bg3 66. Be5+ 1-0

[Event "Cappelle Online Blitz op"]
[Site "Europe Echecs INT"]
[Date "2022.01.09"]
[Round "4"]
[White "Muratet, Lucas"]
[Black "Shoker, Samy"]
[Result "1-0"]
[WhiteElo "2111"]
[BlackElo "2491"]
[PlyCount "161"]
[EventDate "2022.01.09"]
[EventType "swiss (blitz)"]
[EventRounds "11"]
[EventCountry "FRA"]
[SourceTitle "EXT 2023"]
[Source "ChessBase"]
[SourceDate "2022.10.05"]
[SourceVersion "1"]
[SourceVersionDate "2022.10.05"]
[SourceQuality "1"]

1. e4 g6 2. d4 Bg7 3. Nc3 d6 4. f4 a6 5. Nf3 b5 6. Bd3 Nd7 7. e5 c5 8. Be4 Rb8 9. dxc5 Nxc5 10. Bc6+ Bd7 11. Bxd7+ Qxd7 12. 0-0 b4 13. Ne2 Nh6 14. exd6 exd6 15. Ng3 0-0 16. Kh1 Rfe8 17. Nd4 Qg4 18. f5 Qxd1 19. Rxd1 Ng4 20. Kg1 Ne4 21. Nxe4 Rxe4 22. Nf3 gxf5 23. Rxd6 Bf8 24. Rxa6 Bc5+ 25. Kf1 Rc8 26. h3 Ne3+ 27. Bxe3 Bxe3 28. Ne1 Bd2 29. Rb6 Bxe1 30. Rxe1 Rf4+ 31. Kg1 Rxc2 32. a4 Rxb2 33. Rf1 Re4 34. Rxf5 Ree2 35. Rg5+ Kf8 36. a5 b3 37. Rg3 Rb1+ 38. Kh2 b2 39. Rgb3 h5 40. h4 Re4 41. R6b4 Rxb4 42. Rxb4 Kg7 43. a6 Ra1 44. Rxb2 Rxa6 45. Rb5 Kg6 46. Rg5+ Kh6 47. Kh3 f6 48. Rg3 Ra1 49. Kh2 Ra4 50. Kh3 Rf4 51. Ra3 Kg6 52. Ra5 Rb4 53. Ra8 Rb1 54. Kh2 Re1 55. Rg8+ Kf5 56. Rh8 Kg4 57. Rg8+ Kf5 58. Rh8 Kg6 59. Rg8+ Kh7 60. Rf8 Kg7 61. Ra8 Re4 62. Kh3 Kg6 63. Rg8+ Kf5 64. Rg3 Re1 65. Rf3+ Ke5 66. Kh2 f5 67. Rg3 Re4 68. Kh3 Re1 69. Rg5 Kf4 70. g3+ Ke4 71. Rxh5 Re2 72. Rh8 Ra2 73. Re8+ Kf3 74. Re5 f4 75. Rf5 Ra1 76. Rxf4+ Ke3 77. h5 Rh1+ 78. Kg4 Ra1 79. h6 Rh1 80. Rf6 Rh3 81. Kxh3 1-0

[Event "Barcelona Sants op 17th"]
[Site "Barcelona"]
[Date "2015.08.24"]
[Round "4"]
[White "Muratet, Lucas"]
[Black "Jaksland, Tim"]
[Result "0-1"]
[WhiteElo "2160"]
[BlackElo "2292"]
[PlyCount "66"]
[EventDate "2015.08.21"]
[EventType "swiss"]
[EventRounds "10"]
[EventCountry "ESP"]
[SourceTitle "EXT 2016"]
[Source "ChessBase"]
[SourceDate "2015.10.08"]
[SourceVersion "1"]
[SourceVersionDate "2015.10.08"]
[SourceQuality "1"]

1. e4 c5 2. Nf3 e6 3. d4 cxd4 4. Nxd4 Nc6 5. Nc3 Qc7 6. Be2 a6 7. 0-0 Nf6 8. Kh1 d6 9. Nxc6 bxc6 10. Qd3 d5 11. f4 Be7 12. e5 Nd7 13. b3 a5 14. Na4 0-0 15. Qg3 Nc5 16. Nxc5 Bxc5 17. Bb2 a4 18. Rab1 axb3 19. axb3 Ra2 20. Bd3 g6 21. h4 Ba6 22. Bxa6 Rxa6 23. h5 Re8 24. Qf3 Ra2 25. g4 Bf8 26. Rf2 Qa7 27. c4 dxc4 28. bxc4 Rb8 29. f5 Raxb2 30. Rbf1 Rxf2 31. Rxf2 exf5 32. gxf5 Qa1+ 33. Rf1 Rb1 0-1

[Event "FRA-ch op-A"]
[Site "Pau"]
[Date "2012.08.24"]
[Round "10"]
[White "Muratet, Lucas"]
[Black "Naudier, Serge"]
[Result "0-1"]
[WhiteElo "2047"]
[BlackElo "2199"]
[PlyCount "74"]
[EventDate "2012.08.14"]
[EventType "swiss"]
[EventRounds "11"]
[EventCountry "FRA"]
[SourceTitle "CBM 150 Extra"]
[Source "ChessBase"]
[SourceDate "2012.10.19"]
[SourceVersion "1"]
[SourceVersionDate "2012.10.19"]
[SourceQuality "1"]

1. e4 e5 2. Nf3 Nc6 3. Bc4 Be7 4. 0-0 Nf6 5. d3 0-0 6. c3 a6 7. a4 d5 8. exd5 Nxd5 9. Re1 Nb6 10. Bb3 Bg4 11. h3 Bh5 12. a5 Nd7 13. Bc2 f5 14. Nbd2 Bf6 15. Nf1 Nc5 16. Ng3 Bg6 17. Be3 Qd6 18. Qb1 Kh8 19. b4 Ne6 20. Bd2 Ne7 21. b5 Nd5 22. Ne2 Bh5 23. c4 Bxf3 24. gxf3 Ne7 25. Bb4 Qd7 26. Bc3 Ng6 27. Kh1 Nh4 28. Ng1 Qf7 29. Re3 f4 30. Re2 Qh5 31. Qf1 Ng5 32. Bxe5 Nhxf3 33. Bxf6 Nxg1 34. Qxg1 gxf6 35. Qg4 Qh6 36. Re7 Nxh3 37. Qd7 Rg8 0-1

[Event "Condom op 10th"]
[Site "Condom"]
[Date "2010.07.13"]
[Round "4"]
[White "Favarel, Antoine"]
[Black "Muratet, Lucas"]
[Result "1-0"]
[WhiteElo "2244"]
[BlackElo "1958"]
[PlyCount "81"]
[EventDate "2010.07.??"]
[EventType "swiss"]
[EventRounds "9"]
[EventCountry "FRA"]
[SourceTitle "EXT 2011"]
[Source "ChessBase"]
[SourceDate "2010.11.26"]
[SourceVersion "1"]
[SourceVersionDate "2010.11.26"]
[SourceQuality "1"]

1. e4 c5 2. Nf3 d6 3. Bb5+ Nd7 4. d4 cxd4 5. Qxd4 Ngf6 6. Nc3 a6 7. Bxd7+ Bxd7 8. 0-0 Bc6 9. Bg5 h6 10. Bxf6 gxf6 11. Rad1 Rg8 12. Nd5 h5 13. c4 Bxd5 14. Qxd5 Qc8 15. Rd3 e6 16. Qd4 Be7 17. Nd2 Qc7 18. Rh3 Qa5 19. Nb3 Qa4 20. Rxh5 Rc8 21. Nd2 Rc5 22. Rh3 Rcg5 23. Rg3 Qc6 24. b3 Bd8 25. Rxg5 Rxg5 26. h3 Ke7 27. Nf3 Rg6 28. b4 Bb6 29. Qd3 Rg8 30. Rd1 Bc7 31. Nd4 Qa4 32. Qb3 Qd7 33. c5 Qc8 34. c6 Bb6 35. cxb7 Qxb7 36. Qd3 f5 37. Nf3 Qxe4 38. Qxd6+ Kf6 39. Qxb6 Qxf3 40. Qd4+ Ke7 41. Qh4+ 1-0

[Event "FRA-chT2 0910"]
[Site "France"]
[Date "2009.12.13"]
[Round "6.6"]
[White "Afangnibo, Jonathan"]
[Black "Muratet, Lucas"]
[Result "0-1"]
[WhiteElo "1812"]
[BlackElo "1955"]
[PlyCount "68"]
[EventDate "2009.09.27"]
[EventType "team-tourn"]
[EventRounds "11"]
[EventCountry "FRA"]
[SourceTitle "EXT 2011"]
[Source "ChessBase"]
[SourceDate "2010.11.26"]
[SourceVersion "1"]
[SourceVersionDate "2010.11.26"]
[SourceQuality "1"]

1. d4 Nf6 2. c4 c5 3. d5 e6 4. Nc3 exd5 5. cxd5 d6 6. e4 g6 7. f4 Bg7 8. Bb5+ Nfd7 9. a4 Qh4+ 10. g3 Qe7 11. Qe2 0-0 12. Nf3 a6 13. Bd3 Re8 14. 0-0 Nf6 15. Re1 Bg4 16. Qg2 Bxf3 17. Qxf3 Qc7 18. Be3 Nbd7 19. Rac1 Qb6 20. Re2 Qb4 21. Bf2 h5 22. h3 Rad8 23. Rce1 Nb6 24. Ra1 c4 25. Bb1 Nbd7 26. a5 Nc5 27. Bxc5 Qxc5+ 28. Qf2 Nd7 29. Qxc5 Nxc5 30. Bc2 Re7 31. Na4 Bd4+ 32. Kg2 Nxa4 33. Rxa4 Bxb2 34. Rxc4 Bg7 0-1

[Event "FRA-chT2 0910"]
[Site "France"]
[Date "2009.11.22"]
[Round "4.7"]
[White "Ternault, Mathieu"]
[Black "Muratet, Lucas"]
[Result "0-1"]
[WhiteElo "1999"]
[BlackElo "1951"]
[PlyCount "64"]
[EventDate "2009.09.27"]
[EventType "team-tourn"]
[EventRounds "11"]
[EventCountry "FRA"]
[SourceTitle "EXT 2011"]
[Source "ChessBase"]
[SourceDate "2010.11.26"]
[SourceVersion "1"]
[SourceVersionDate "2010.11.26"]
[SourceQuality "1"]

1. d4 Nf6 2. Nf3 c5 3. d5 e6 4. c4 exd5 5. cxd5 d6 6. Nc3 g6 7. e4 Bg7 8. Bb5+ Nbd7 9. 0-0 0-0 10. Bf4 Qe7 11. Re1 a6 12. Bf1 h6 13. e5 Nh5 14. exd6 Qf6 15. Be3 Qxd6 16. Ne4 Qb6 17. Rb1 Re8 18. Qc2 Qb4 19. Bd3 c4 20. Bxc4 b5 21. Bd3 Bb7 22. a3 Qf8 23. d6 Rac8 24. Nc5 Bxf3 25. Nxd7 Qxd6 26. Qb3 Bd5 27. Qb4 Qxd7 28. Rbd1 Qb7 29. Bf1 Nf6 30. h4 Re4 31. Qd6 Bc4 32. Bxh6 Bxh6 0-1

[Event "Saint Affrique op 17th"]
[Site "Saint Affrique"]
[Date "2009.07.20"]
[Round "4"]
[White "Laclau, Daniel"]
[Black "Muratet, Lucas"]
[Result "1/2-1/2"]
[WhiteElo "2296"]
[BlackElo "1970"]
[PlyCount "46"]
[EventDate "2009.07.18"]
[EventType "swiss"]
[EventRounds "9"]
[EventCountry "FRA"]
[SourceTitle "EXT 2010"]
[Source "ChessBase"]
[SourceDate "2010.11.25"]
[SourceVersion "1"]
[SourceVersionDate "2010.11.25"]
[SourceQuality "1"]

1. d4 Nf6 2. Nf3 c5 3. d5 e6 4. c4 exd5 5. cxd5 d6 6. Nc3 g6 7. e4 Bg7 8. Bd3 0-0 9. h3 b5 10. Nxb5 Nxe4 11. 0-0 Nf6 12. Bf4 Ne8 13. Qd2 Na6 14. Rfe1 Nac7 15. Rab1 Nxb5 16. Bxb5 Bd7 17. Bxd7 Qxd7 18. b4 cxb4 19. Qxb4 Rc8 20. Qb7 Rc7 21. Qa6 Qf5 22. Be3 Qxd5 23. Bxa7 Qa8 1/2-1/2

[Event "FRA-ch U18"]
[Site "Aix les Bains"]
[Date "2009.04.22"]
[Round "3"]
[White "Muratet, Lucas"]
[Black "Graca, Robert"]
[Result "0-1"]
[WhiteElo "1994"]
[BlackElo "2170"]
[PlyCount "82"]
[EventDate "2009.04.19"]
[EventType "swiss"]
[EventRounds "9"]
[EventCountry "FRA"]
[SourceTitle "CBM 130 Extra"]
[Source "ChessBase"]
[SourceDate "2009.07.02"]
[SourceVersion "2"]
[SourceVersionDate "2009.07.15"]
[SourceQuality "1"]

1. e4 c5 2. Nf3 Nc6 3. d4 cxd4 4. Nxd4 g6 5. Be2 Bg7 6. Nb3 Nf6 7. Nc3 0-0 8. 0-0 d6 9. Bg5 Na5 10. Nxa5 Qxa5 11. Bxf6 Bxf6 12. Nd5 Bxb2 13. Nxe7+ Kg7 14. Rb1 Qxa2 15. Qxd6 Be6 16. Qb4 Bf6 17. Bd3 Rfe8 18. Nd5 Bxd5 19. exd5 Qxd5 20. Bc4 Qe4 21. Qb3 Re7 22. Bd5 Qf5 23. c4 Rc8 24. Rfe1 Rxe1+ 25. Rxe1 b6 26. Qa3 Bd4 27. Qa2 Rc7 28. g3 a5 29. Re2 h5 30. Qc2 Qxc2 31. Rxc2 a4 32. Ra2 Ra7 33. Kf1 a3 34. Ke2 Bb2 35. Kd3 Re7 36. Kd2 Kf8 37. Bf3 Ke8 38. Bd5 Kd7 39. Bf3 Kd6 40. Bd5 Kc5 41. Kd1 b5 0-1

[Event "Montpellier op 4th"]
[Site "Montpellier"]
[Date "2009.??.??"]
[Round "7"]
[White "Carre, Sylvain"]
[Black "Muratet, Lucas"]
[Result "1-0"]
[WhiteElo "2069"]
[BlackElo "1951"]
[PlyCount "55"]
[EventDate "2009.12.26"]
[EventType "swiss"]
[EventRounds "9"]
[EventCountry "FRA"]
[SourceTitle "CBM 134 Extra"]
[Source "ChessBase"]
[SourceDate "2010.03.03"]
[SourceVersion "1"]
[SourceVersionDate "2010.03.03"]
[SourceQuality "1"]

1. d4 Nf6 2. Nf3 c5 3. c3 g6 4. Bf4 Bg7 5. e3 0-0 6. Be2 d6 7. 0-0 Nh5 8. Bg5 h6 9. Bh4 g5 10. Nfd2 gxh4 11. Bxh5 e5 12. dxc5 dxc5 13. Ne4 Qb6 14. Qb3 Qc6 15. Bf3 c4 16. Qb4 Rd8 17. Na3 Be6 18. Nf6+ Bxf6 19. Bxc6 Nxc6 20. Qxb7 Bd5 21. Qa6 h3 22. g3 Bf3 23. Nxc4 Kg7 24. Rfe1 Ne7 25. e4 Ng6 26. Re3 Bg2 27. Nd6 Bg5 28. Rd3 1-0

[Event "FRA-ch op-A"]
[Site "Pau"]
[Date "2008.08.13"]
[Round "2"]
[White "Batteux, Mickael"]
[Black "Muratet, Lucas"]
[Result "1/2-1/2"]
[WhiteElo "2030"]
[BlackElo "1934"]
[PlyCount "69"]
[EventDate "2008.08.11"]
[EventType "swiss"]
[EventRounds "9"]
[EventCountry "FRA"]
[SourceTitle "CBM 126 Extra"]
[Source "ChessBase"]
[SourceDate "2008.11.05"]
[SourceVersion "1"]
[SourceVersionDate "2008.11.05"]
[SourceQuality "1"]

1. d4 Nf6 2. Nf3 c5 3. d5 e6 4. c4 exd5 5. cxd5 d6 6. Nc3 g6 7. e4 Bg7 8. Be2 0-0 9. 0-0 a6 10. a4 Nbd7 11. h3 Ne8 12. Nd2 g5 13. Nc4 Ne5 14. Nxe5 Bxe5 15. Bg4 Ng7 16. Bxc8 Rxc8 17. Qg4 h6 18. h4 f5 19. exf5 Rxf5 20. hxg5 hxg5 21. Ra3 Bf4 22. Ne2 Bxc1 23. Rxc1 Rc7 24. Re3 Rcf7 25. Rf3 Rxf3 26. gxf3 Qf6 27. Rc3 Nf5 28. Ng3 Nh4 29. Qc8+ Rf8 30. Qg4 Nxf3+ 31. Rxf3 Qxf3 32. Qxg5+ Kh7 33. Qh4+ Kg8 34. Qg5+ Kh7 35. Qh4+ 1/2-1/2

[Event "Naujac op"]
[Site "Naujac"]
[Date "2008.06.24"]
[Round "4"]
[White "Bonn, Thomas"]
[Black "Muratet, Lucas"]
[Result "1-0"]
[WhiteElo "2170"]
[BlackElo "1928"]
[PlyCount "55"]
[EventDate "2008.06.21"]
[EventType "swiss"]
[EventRounds "9"]
[EventCountry "FRA"]
[SourceTitle "CBM 125 Extra"]
[Source "ChessBase"]
[SourceDate "2008.09.01"]
[SourceVersion "1"]
[SourceVersionDate "2008.09.01"]
[SourceQuality "1"]

1. e4 c5 2. Nf3 d6 3. c3 Nf6 4. Be2 Nbd7 5. d3 b6 6. 0-0 Bb7 7. Nbd2 e6 8. Re1 Be7 9. Bf1 0-0 10. b3 Qc7 11. Bb2 Ne5 12. Nxe5 dxe5 13. Qf3 Rfd8 14. c4 Nd7 15. Be2 Bf6 16. Nf1 g6 17. Qg3 Rac8 18. h4 Kg7 19. h5 Nb8 20. hxg6 hxg6 21. Bc1 Nc6 22. Nh2 Nd4 23. Bd1 Qe7 24. Ng4 Nc6 25. Qh3 Nb4 26. Re3 Bxe4 27. Rxe4 Rxd3 28. Be3 1-0

[Event "Naujac op"]
[Site "Naujac"]
[Date "2008.06.21"]
[Round "1"]
[White "Muratet, Lucas"]
[Black "Fomichenko, Svetlana"]
[Result "0-1"]
[WhiteElo "1928"]
[BlackElo "2269"]
[PlyCount "61"]
[EventDate "2008.06.21"]
[EventType "swiss"]
[EventRounds "9"]
[EventCountry "FRA"]
[SourceTitle "CBM 125 Extra"]
[Source "ChessBase"]
[SourceDate "2008.09.01"]
[SourceVersion "1"]
[SourceVersionDate "2008.09.01"]
[SourceQuality "1"]

1. e4 c5 2. Nf3 Nc6 3. d4 cxd4 4. Nxd4 e5 5. Nb5 d6 6. N1c3 a6 7. Na3 b5 8. Nd5 Nce7 9. c4 Nxd5 10. exd5 bxc4 11. Nxc4 Nf6 12. Be2 Bb7 13. Bg5 Be7 14. Bxf6 Bxf6 15. Qa4+ Kf8 16. Ne3 Bg5 17. 0-0 Bxe3 18. fxe3 Bxd5 19. Rfd1 Be6 20. Qa3 Ke7 21. Rac1 Qb6 22. Rc3 Rhc8 23. Rcd3 Rd8 24. Bf3 Rac8 25. Bd5 Bxd5 26. Rxd5 f6 27. R1d2 Rc1+ 28. Kf2 Qc6 29. Qd3 g6 30. Ra5 Ra8 31. h3 0-1

[Event "Ouest Toulousain op-A 3rd"]
[Site "Tournefeuille"]
[Date "2008.02.28"]
[Round "5"]
[White "Constantin, David"]
[Black "Muratet, Lucas"]
[Result "0-1"]
[WhiteElo "2094"]
[BlackElo "1882"]
[PlyCount "54"]
[EventDate "2008.02.25"]
[EventType "swiss"]
[EventRounds "9"]
[EventCountry "FRA"]
[SourceTitle "CBM 123 Extra"]
[Source "ChessBase"]
[SourceDate "2008.05.06"]
[SourceVersion "1"]
[SourceVersionDate "2008.05.06"]
[SourceQuality "1"]

1. Nf3 f5 2. d4 Nf6 3. c4 g6 4. g3 Bg7 5. Bg2 0-0 6. 0-0 d6 7. Nc3 Qe8 8. d5 c6 9. Nd4 Bd7 10. Rb1 Na6 11. b4 Rb8 12. Ba3 Nc7 13. Qd3 g5 14. dxc6 bxc6 15. b5 cxb5 16. cxb5 Kh8 17. Nc6 Bxc6 18. bxc6 Rxb1 19. Rxb1 f4 20. Rb7 Ng4 21. Rxc7 Qh5 22. h3 fxg3 23. fxg3 Nf2 24. g4 Qh4 25. Qe3 Nxh3+ 26. Qxh3 Qf2+ 27. Kh1 Qe1+ 0-1

[Event "Villeneuve Tolosane op"]
[Site "Villeneuve Tolosane"]
[Date "2007.02.20"]
[Round "3"]
[White "Troubat, Nicolas"]
[Black "Muratet, Lucas"]
[Result "0-1"]
[WhiteElo "1962"]
[BlackElo "1808"]
[PlyCount "112"]
[EventDate "2007.02.19"]
[EventType "swiss"]
[EventRounds "9"]
[EventCountry "FRA"]
[SourceTitle "CBM 117 Extra"]
[Source "ChessBase"]
[SourceDate "2007.05.09"]
[SourceVersion "1"]
[SourceVersionDate "2007.05.09"]
[SourceQuality "1"]

1. e4 c5 2. Nf3 d6 3. Bb5+ Nd7 4. 0-0 Ngf6 5. Re1 a6 6. Bf1 b6 7. c3 Bb7 8. d3 g6 9. Bf4 Bg7 10. Qd2 0-0 11. Bh6 c4 12. Bxg7 Kxg7 13. Qc2 cxd3 14. Bxd3 Nc5 15. Nbd2 Nxd3 16. Qxd3 Qc7 17. Qd4 Rfd8 18. h3 Rac8 19. Re3 Qc5 20. c4 b5 21. cxb5 axb5 22. b4 Qc2 23. Ne1 Qc6 24. f3 Kg8 25. Nb3 e5 26. Qd2 d5 27. Na5 Qb6 28. Nxb7 Qxb7 29. exd5 Rxd5 30. Qe2 Qb6 31. Kh1 Qd6 32. Nd3 Nh5 33. Kg1 Ng3 34. Qe1 Nf5 35. Nc5 Nxe3 36. Qxe3 Rd1+ 37. Rxd1 Qxd1+ 38. Kh2 Qd4 39. Qxd4 exd4 40. Kg3 Ra8 41. Kf4 Rxa2 42. g4 Re2 43. Nd3 Kf8 44. h4 Ke7 45. g5 Kd6 46. Kg4 Re3 47. Nf2 Ke6 48. Ne4 Re1 49. Kf4 Rb1 50. Nf2 Rxb4 51. Nd3 Rc4 52. Ke4 f5+ 53. gxf6 Kxf6 54. Nb2 Rc2 55. Nd3 Rh2 56. Kxd4 Rd2 0-1

[Event "Saint Affrique op 15th"]
[Site "Saint Affrique"]
[Date "2007.??.??"]
[Round "6"]
[White "Muratet, Lucas"]
[Black "Faure, Nicolas"]
[Result "1-0"]
[WhiteElo "1887"]
[BlackElo "2081"]
[PlyCount "83"]
[EventDate "2007.07.21"]
[EventType "swiss"]
[EventRounds "9"]
[EventCountry "FRA"]
[SourceTitle "CBM 119 Extra"]
[Source "ChessBase"]
[SourceDate "2007.09.04"]
[SourceVersion "1"]
[SourceVersionDate "2007.09.04"]
[SourceQuality "1"]

1. e4 c5 2. Nf3 d6 3. d4 cxd4 4. Nxd4 Nf6 5. Nc3 a6 6. Bg5 e6 7. f4 Qb6 8. Nb3 Nbd7 9. Qf3 Qc7 10. 0-0-0 b5 11. Bd3 Bb7 12. a3 Be7 13. g4 h6 14. Bxf6 Bxf6 15. Bxb5 Bxc3 16. Bxd7+ Kxd7 17. bxc3 Rac8 18. Rd3 Qc4 19. Rhd1 Bxe4 20. Rxd6+ Ke7 21. Qe3 Rc7 22. R6d4 Qxc3 23. Qxc3 Rxc3 24. Rxe4 Rhc8 25. Nd4 Rxa3 26. Kb2 Rac3 27. f5 e5 28. Rxe5+ Kf6 29. Ra5 R3c4 30. Rd2 Kg5 31. Rxa6 Kxg4 32. Ra3 Kf4 33. Rad3 Rb8+ 34. Kc1 Ra8 35. Rf2+ Ke4 36. Re2+ Kf4 37. Kd2 Ra2 38. Ke1 Raa4 39. c3 Ra1+ 40. Kf2 Rc1 41. Re7 R1xc3 42. Ne2+ 1-0